=LDR 00000nam 2200000 4500 =001 NUTBA000000000000192 =005 20140318125436.0 =006 =007 =008 =020 ##$$a 978-979-049-000-0 =035 ##$$a 0010-031400000000191 =082 ##$$a 403 =090 ##$$b 403 Com b =100 ##$$a Timas Community =245 ##$$a Bahasa dan Sastra : Ensiklomini Pengetahuan Populer =260 ##$$a bandung $b Tinta Mas =300 ##$$a 64 hlm $b ilus $c 27 cm =850 ##$$a NBPNMAT =990 ##$$a 90392/BPAP-NTB/2014